[Event "FIDE World Cup 2011"]
[Site "Khanty-Mansiysk RUS"]
[Date "2011.08.30"]
[Round "1.6"]
[White "Potkin,V"]
[Black "Shulman,Y"]
[Result "1-0"]
[WhiteElo "2682"]
[BlackElo "2617"]

1.c4 e5 2.Nc3 Nf6 3.Nf3 Nc6 4.e3 Be7 5.d4 exd4 6.exd4 d5 7.cxd5 Nxd5 8.Bd3 O-O
9.O-O Bf6 10.Be4 Be6 11.Re1 Qd7 12.Ng5 Bxg5 13.Bxg5 h6 14.Qh5 Nxc3 15.bxc3 Bg4
16.Qh4 Bf5 17.Bxh6 Bxe4 18.Rxe4 f5 19.Re3 gxh6 20.d5 Rae8 21.dxc6 Qxc6 22.Rae1 Rxe3
23.Rxe3 Qd6 24.Qc4+ Kh7 25.h3 Qd1+ 26.Kh2 Qd6+ 27.f4 a6 28.Re6 Qd7 29.Qe2 Rf7
30.Qe5 Qb5 31.Qe3 Qd5 32.Qe2 Rg7 33.Re5 Qd7 34.c4 Rf7 35.Qe3 Qc6 36.Qd3 Qd6
37.Qf3 b6 38.Qe3 Qd7 39.Re6 Qd8 40.Re8 Qf6 41.Qd3 Qc6 42.Re5 Qg6 43.Qd5 Rg7
44.Qf3 Rd7 45.Qe2 Rg7 46.Qf2 Rd7 47.Qc2 Rf7 48.Qd3 Kg7 49.c5 bxc5 50.Rxc5 Kh7
51.Ra5 Rf6 52.Re5 Rf7 53.Qc2 Kh8 54.Re8+ Kh7 55.Re5 Kh8 56.Qd3 Rg7 57.Qf3 Kh7
58.Rc5 Qe6 59.Qd3 Rf7 60.a4 Qc8 61.Qc4 Qd7 62.Qxa6 Qd4 63.Qc4 Qxc4 64.Rxc4 Rd7
65.a5 Kg6 66.a6 Rd3 67.Rxc7 Ra3 68.a7 Kh5 69.Kg1 Kh4 70.Kf2 Ra2+ 71.Ke3 Ra3+
72.Kd4 Kg3 73.Rg7+ Kxf4 74.Kc5 h5 75.Kb6 h4 76.Kb7 Rb3+ 77.Kc8 Ra3 78.Kb8  1-0

[Event "FIDE World Cup 2011"]
[Site "Khanty-Mansiysk RUS"]
[Date "2011.08.30"]
[Round "1.3"]
[White "Potkin,V"]
[Black "Shulman,Y"]
[Result "1/2-1/2"]
[WhiteElo "2682"]
[BlackElo "2617"]

1.c4 e6 2.Nc3 d5 3.d4 Nf6 4.cxd5 exd5 5.Bg5 c6 6.e3 Bf5 7.Qf3 Bg6 8.Bxf6 Qxf6
9.Qxf6 gxf6 10.Nf3 Nd7 11.Nh4 Be7 12.g3 Nb6 13.O-O-O Nc8 14.Bd3 Nd6 15.Ng2 Bxd3
16.Rxd3 f5 17.Rd2 h5 18.h4 Ne4 19.Rc2 Bd6 20.Ne1 a5 21.Nd3 a4 22.Ne2 Ke7
23.Nef4 Bxf4 24.Nxf4 Kd6 25.Kd1 Rae8 26.Ke2 Reg8 27.Rb1 Ra8 28.Nd3 Ke7 29.b3 axb3
30.Rxb3 Nd6 31.Nc5 b5 32.a4 bxa4 33.Ra3 Ne4 34.Rxa4 Nxc5 35.Rxa8 Rxa8 36.Rxc5 Ra2+
37.Kf3 Kd6 38.Rc3 Kd7 39.Rb3 Kc7 40.Rb1 f6 41.Re1 Kd6 42.Re2 Ra4 43.Rb2 Rc4
44.Kf4 Ke6 45.Rb7 Rc2 46.f3 Rc4 47.Rb8 Rc3 48.Ra8 Rc4 49.Ra3 Rc2 50.Ra8 Rc4
51.Rc8 Rc3 52.Rh8 c5 53.Rxh5 cxd4 54.exd4 Rd3 55.Rxf5 Rxd4+ 56.Ke3 Ra4 57.g4 Ra3+
58.Kd4 Ra4+ 59.Kc3 Ra3+ 60.Kc2 Ra2+ 61.Kb3 Re2 62.h5 Rh2 63.Kc3 Rh1 64.Kd3 Rd1+
65.Ke2 Rh1 66.Ke3 Rh2 67.Rf4 Ke5 68.Rf5+ Ke6 69.Kf4 Rh3 70.Ke3  1/2-1/2

[Event "US Chess League 2011"]
[Site "ICC INT"]
[Date "2011.09.21"]
[Round "4"]
[White "Khachiyan,M"]
[Black "Shulman,Y"]
[Result "1/2-1/2"]
[WhiteElo "2481"]
[BlackElo "2608"]

1.e4 e6 2.d4 d5 3.Nc3 Bb4 4.e5 c5 5.a3 Bxc3+ 6.bxc3 Qa5 7.Bd2 Qa4 8.Qg4 Kf8
9.Nf3 Nc6 10.Qf4 Qxc2 11.dxc5 Nge7 12.Be2 h6 13.O-O Qe4 14.Rfe1 Qxf4 15.Bxf4 Bd7
16.c4 Na5 17.Rab1 dxc4 18.Bd2 Nb3 19.Be3 Na5 20.Bd2 Nb3 21.Be3 Na5 22.Bd2  1/2-1/2

[Event "US Chess League 2011"]
[Site "ICC INT"]
[Date "2011.10.12"]
[Round "7"]
[White "Shulman,Y"]
[Black "Bhat,V"]
[Result "1/2-1/2"]
[WhiteElo "2608"]
[BlackElo "2511"]

1.d4 Nf6 2.c4 e6 3.Nc3 Bb4 4.Nf3 O-O 5.Bg5 c5 6.d5 exd5 7.cxd5 h6 8.Bh4 d6
9.e3 Bg4 10.Be2 Bxf3 11.Bxf3 Nbd7 12.O-O Re8 13.Be2 a6 14.Qc2 Rc8 15.Rad1 Qe7
16.Bd3 Rc7 17.Bf5 g6 18.Bd3 Bxc3 19.Qxc3 Nxd5 20.Qc4 Ne5 21.Bxe7 Nxc4 22.Bxc4 Nxe7
23.Rxd6 Kg7 24.Rfd1 Nc6 25.h3 b5 26.Be2 c4 27.a3 Re5 28.Rd7 Re7 29.Rxc7 Rxc7
30.Rd6 Kf8 31.Bf3 Ne5 32.Be4 Ke7 33.Rxa6 Nd3 34.Rb6 f5 35.Bd5 Nxb2 36.Rxg6 Rc5
37.e4 Nd3 38.g3 c3 39.Bb3 c2 40.Bxc2 Rxc2 41.exf5 Rxf2 42.Re6+ Kf7 43.Rxh6 Rxf5
44.g4 Rd5 45.Kg2 Nb2 46.h4 Nc4 47.Ra6 Rd3 48.a4 b4 49.Rc6 Ne3+ 50.Kf3 b3
51.Ke2  1/2-1/2

[Event "5th SPICE Cup GpA"]
[Site "Lubbock USA"]
[Date "2011.10.15"]
[Round "1"]
[White "Shulman,Y"]
[Black "Le Quang Liem"]
[Result "0-1"]
[WhiteElo "2608"]
[BlackElo "2717"]

1.d4 Nf6 2.c4 g6 3.Nc3 d5 4.cxd5 Nxd5 5.e4 Nxc3 6.bxc3 Bg7 7.Nf3 c5 8.Be3 O-O
9.Be2 b6 10.Rc1 e6 11.O-O Bb7 12.Bd3 Nd7 13.Qd2 Rc8 14.Bg5 Qc7 15.Rfe1 e5
16.Bb5 Nf6 17.Bxf6 Bxf6 18.dxe5 Bxe5 19.Nxe5 Qxe5 20.f4 Qe6 21.Rcd1 Rcd8
22.Qxd8 Rxd8 23.Rxd8+ Kg7 24.Rd2 a6 25.Bf1 Qf6 26.e5 Qxf4 27.Rf2 Qg4 28.e6 fxe6
29.h3 Qg5 30.Rxe6 b5 31.Rfe2 Kh6 32.Re7 Bc8 33.Rf7 Qc1 34.Ree7 Qxc3 35.Rxh7+ Kg5
36.Kh2 Bf5 37.g3 Bd3 38.h4+ Kg4 39.Bh3+ Kf3 40.Bg2+ Kf2 41.g4 Bf5  0-1

[Event "5th SPICE Cup GpA"]
[Site "Lubbock USA"]
[Date "2011.10.16"]
[Round "2"]
[White "Feller,S"]
[Black "Shulman,Y"]
[Result "0-1"]
[WhiteElo "2668"]
[BlackElo "2608"]

1.d4 Nf6 2.c4 e6 3.g3 d5 4.Nf3 dxc4 5.Bg2 a6 6.O-O Nc6 7.Nbd2 Nxd4 8.Ne5 Be7
9.Ndxc4 O-O 10.e3 Nb5 11.Qc2 Nd5 12.Rd1 Qe8 13.e4 Nb4 14.Qb3 a5 15.a4 Nd6
16.Bf4 b6 17.Rac1 Bb7 18.h4 Rd8 19.Ne3 Na6 20.N5g4 Nxe4 21.Bxc7 Rxd1+ 22.Qxd1 Bc5
23.Bxe4 Bxe4 24.Bd6 Bxd6 25.Qxd6 Qb8 26.Qd4 Ba8 27.h5 Rd8 28.Qc4 Qb7 29.Kh2 h6
30.Kh3 Nc5 31.Rb1 Qe4 32.Rc1 f5 33.Qxe4 Nxe4 34.Ne5 Nxf2+ 35.Kh4 Ne4 36.Ng6 Nc5
37.g4 Rd4 38.b4 Rxb4 39.Rd1 Bd5 40.Nxd5 Rxg4+ 41.Kh3 exd5 42.Rxd5 Ne6 43.Rxf5 Rxa4
44.Kg3 Rd4 45.Ne7+ Kh7 46.Ng6 Rd8 47.Re5 Nc5 48.Re7 a4 49.Ra7 b5 50.Ra5 Rb8
51.Ne5 Ne4+  0-1

[Event "5th SPICE Cup GpA"]
[Site "Lubbock USA"]
[Date "2011.10.18"]
[Round "4"]
[White "Shulman,Y"]
[Black "Meier,Geo"]
[Result "1/2-1/2"]
[WhiteElo "2608"]
[BlackElo "2648"]

1.d4 Nf6 2.c4 e6 3.Nf3 d5 4.Nc3 dxc4 5.e4 Bb4 6.Bxc4 Nxe4 7.O-O Nxc3 8.bxc3 Be7
9.Ne5 O-O 10.Qg4 Nc6 11.Re1 f5 12.Qf3 Nxe5 13.Rxe5 Kh8 14.Bxe6 Bd6 15.Bxc8 Bxe5
16.Bxb7 Rb8 17.a4 Bd6 18.a5 Qe8 19.Bd2 Qb5 20.a6 Qb2 21.Qd1 c5 22.Rb1 Qa2
23.Ra1 Qb2 24.Rb1 Qa2 25.Ra1  1/2-1/2

[Event "5th SPICE Cup GpA"]
[Site "Lubbock USA"]
[Date "2011.10.19"]
[Round "5"]
[White "Robson,R"]
[Black "Shulman,Y"]
[Result "1/2-1/2"]
[WhiteElo "2583"]
[BlackElo "2608"]

1.e4 e6 2.d4 d5 3.Nc3 Bb4 4.e5 c5 5.a3 Bxc3+ 6.bxc3 Qa5 7.Bd2 Qa4 8.h4 Ne7
9.h5 h6 10.Rh4 cxd4 11.Nf3 Nbc6 12.Bd3 Bd7 13.Kf1 O-O-O 14.Rf4 g5 15.Rxf7 Be8
16.Rxe7 Nxe7 17.Nxd4 Bd7 18.Rb1 Kb8 19.Nb3 Bb5 20.Nc5 Bxd3+ 21.cxd3 Qxd1+
22.Rxd1 Nc6 23.d4 Rhe8 24.f4 gxf4 25.Bxf4 b6 26.Nd3 Rh8 27.Bc1 Kc7 28.Kf2 Rdf8+
29.Nf4 Rhg8 30.Kf3 Kd7 31.g4 Rf7 32.Kg3 Ne7 33.Rg1 Rfg7 34.Kh4 Rf7 35.Nh3 Rh8
36.Bf4 Rg7 37.Bd2  1/2-1/2

[Event "5th SPICE Cup GpA"]
[Site "Lubbock USA"]
[Date "2011.10.21"]
[Round "6"]
[White "Le Quang Liem"]
[Black "Shulman,Y"]
[Result "1-0"]
[WhiteElo "2717"]
[BlackElo "2608"]

1.d4 Nf6 2.c4 e6 3.Nf3 d5 4.Nc3 dxc4 5.e4 Bb4 6.Bg5 c5 7.Bxc4 cxd4 8.Nxd4 Qa5
9.Bd2 Qc5 10.Bb5+ Bd7 11.Nb3 Qe7 12.Bd3 Nc6 13.O-O O-O 14.a3 Bd6 15.Kh1 Ne5
16.Be2 Ng6 17.f4 e5 18.f5 Nf4 19.Bf3 Bc6 20.Qc2 Rfc8 21.g3 Ne2 22.Nxe2 Bxe4
23.Bxe4 Rxc2 24.Bxc2 Qc7 25.Nc3 Qc6+ 26.Kg1 Bc5+ 27.Nxc5 Qxc5+ 28.Kg2 Qb6
29.Rab1 Rd8 30.Bc1 h6 31.Re1 Qc6+ 32.Kg1 Ng4 33.Re2 Qf3 34.Bg5 Rd4 35.Rf1 Qc6
36.Bc1 Qc5 37.Kg2 b5 38.Be4 a5 39.Bf3 Qc4 40.Ne4 Nxh2 41.b3 Qd3 42.Nc5 Qc3
43.Kxh2 Qxc5 44.Be3 a4 45.Rc1 Qd6 46.Bxd4 Qxd4 47.bxa4 bxa4 48.Kg2 Qd7 49.Rb1 Kh7
50.Rxe5 Qd3 51.Rb8 Qxa3 52.Ree8 g5 53.Rg8 Qd3 54.f6 Qc2+ 55.Kh3 Qf5+ 56.Kh2  1-0

[Event "5th SPICE Cup GpA"]
[Site "Lubbock USA"]
[Date "2011.10.22"]
[Round "7"]
[White "Shulman,Y"]
[Black "Feller,S"]
[Result "0-1"]
[WhiteElo "2608"]
[BlackElo "2668"]

1.d4 Nf6 2.c4 g6 3.Nc3 Bg7 4.e4 d6 5.Nf3 O-O 6.Be2 e5 7.Be3 exd4 8.Nxd4 Re8
9.f3 c6 10.Bf2 d5 11.exd5 cxd5 12.O-O Nc6 13.c5 Re5 14.Bb5 Bd7 15.Qa4 Rc8
16.Rad1 Nh5 17.g3 a6 18.Bxc6 Bxc6 19.Nxc6 bxc6 20.Qxa6 Qc7 21.Qd3 Rb8 22.Qd2 Nf6
23.Na4 h5 24.Nb6 Rf5 25.Be3 Re8 26.b4 Re6 27.a4 Qe7 28.Nc8 Qf8 29.Nd6 Rfe5
30.Rde1 Qe7 31.Bf2 Bh6 32.Qd1 Be3 33.Bxe3 Rxe3 34.Rxe3 Rxe3 35.Qd4 h4 36.Qxh4 Qe5
37.Qf4 Qc3 38.g4 Re1 39.Kg2 Re2+ 40.Rf2 Qb2 41.Qe3 Rxf2+ 42.Qxf2 Qxb4 43.Qe2 d4
44.Qe7 Qd2+ 45.Kg3 Nd5 46.Qxf7+ Kh8 47.Qe8+ Kh7 48.Qd7+ Kh8 49.Qe8+ Kh7 50.Qf7+ Kh8
51.Ne4 Qe1+ 52.Kh3 Qe3 53.g5 d3 54.Qf8+ Kh7 55.Qf7+ Kh8 56.Qf8+ Kh7 57.Nf6+ Nxf6
58.Qh6+ Kg8 59.Qxg6+ Kf8 60.Qxf6+ Kg8 61.Qg6+ Kh8 62.Qf6+ Kg8 63.Qd8+ Kg7
64.Qd7+ Kg8 65.Qd8+ Kg7 66.Qd7+ Kg8 67.Qc8+ Kg7 68.Qc7+ Kg8 69.Qxc6 d2 70.Qd5+ Kg7
71.c6 Qe1 72.Qd4+ Kh7 73.Qd3+ Kg7 74.Qd7+ Kg6 75.Qd6+ Kxg5 76.Qd8+ Kf4 77.Qf6+ Ke3
78.c7 Qf1+ 79.Kg4 Qc4+ 80.Kh3 d1=Q 81.Qe5+ Kf2 82.Qg3+ Ke2 83.Qg2+ Kd3 84.Qg6+ Kc3
85.Qf6+ Qdd4 86.Qd8 Qe6+ 87.Kg3 Qed6+  0-1

[Event "5th SPICE Cup GpA"]
[Site "Lubbock USA"]
[Date "2011.10.23"]
[Round "8"]
[White "Dominguez Perez,L"]
[Black "Shulman,Y"]
[Result "1/2-1/2"]
[WhiteElo "2710"]
[BlackElo "2608"]

1.c4 e6 2.d4 Nf6 3.g3 d5 4.Nf3 dxc4 5.Bg2 a6 6.Ne5 c5 7.Be3 Nd5 8.dxc5 Nd7
9.Nxc4 Nxe3 10.Nxe3 Bxc5 11.O-O Bxe3 12.fxe3 O-O 13.Nd2 Qg5 14.Qb3 Nf6 15.Ne4 Nxe4
16.Bxe4 Bd7 17.Rac1 Bb5 18.Bf3 Rab8 19.Rc7 Qe5 20.Qc3 Qxc3 21.Rxc3 Rfd8 22.Rfc1 Kf8
23.Rc7 Rd2 24.R1c2 Rxc2 25.Rxc2 Bc6 26.Bxc6 bxc6 27.b3 Rb6 28.Rc4 a5 29.Ra4 Rb5
30.Rc4 Rb6 31.Ra4  1/2-1/2

[Event "5th SPICE Cup GpA"]
[Site "Lubbock USA"]
[Date "2011.10.24"]
[Round "9"]
[White "Meier,Geo"]
[Black "Shulman,Y"]
[Result "1-0"]
[WhiteElo "2648"]
[BlackElo "2608"]

1.c4 e6 2.g3 d5 3.Bg2 Nf6 4.Nf3 dxc4 5.Qa4+ Nbd7 6.Qxc4 a6 7.Qc2 Rb8 8.O-O b6
9.d3 Bb7 10.Nbd2 c5 11.a4 Be7 12.Nc4 O-O 13.Bf4 Rc8 14.e4 Ne8 15.Rfd1 Bf6
16.Qe2 Ba8 17.d4 cxd4 18.e5 Bd5 19.Rxd4 Be7 20.Ne3 Nc7 21.h4 Bc5 22.Rd2 Bxe3
23.Qxe3 Qe7 24.Rd4 Nc5 25.Bg5 Qe8 26.Bf6 Ne4 27.Rxe4 Bxe4 28.Qxe4 Nd5 29.Qg4 g6
30.Qg5 Nxf6 31.exf6 Qd8 32.Ne5 h6 33.Qf4 Rc2 34.Qxh6 Qxf6 35.Qxf8+  1-0

[Event "5th SPICE Cup GpA"]
[Site "Lubbock USA"]
[Date "2011.10.25"]
[Round "10"]
[White "Shulman,Y"]
[Black "Robson,R"]
[Result "0-1"]
[WhiteElo "2608"]
[BlackElo "2583"]

1.d4 Nf6 2.c4 g6 3.Nc3 d5 4.cxd5 Nxd5 5.e4 Nxc3 6.bxc3 Bg7 7.Nf3 c5 8.Be3 Qa5
9.Nd2 cxd4 10.Nc4 Qd8 11.cxd4 f5 12.Ne5 Bxe5 13.dxe5 Qa5+ 14.Qd2 Qxd2+ 15.Bxd2 Kf7
16.exf5 Bxf5 17.Bc4+ Be6 18.Bxe6+ Kxe6 19.Rb1 Nc6 20.Rxb7 Rhb8 21.Rxb8 Rxb8
22.Bc1 Rb1 23.Kd2 Nb4 24.Rd1 Nxa2 25.Ba3 Nc3 26.Rc1 Ne4+ 27.Ke3 Rxc1 28.Bxc1 Kxe5
29.f3 Nd6 30.Kd3 Kd5 31.Kc3 e5 32.Kb4 Nf5 33.Bg5 e4 34.fxe4+ Kxe4 35.h3 Ne3
36.g3 Kf3 37.Kc5 Nf1 38.Bf4 Nxg3 39.Bb8 a5 40.Kb5 Kg2 41.h4 Nf5 42.h5 gxh5  0-1

[Event "US Chess League 2011"]
[Site "ICC INT"]
[Date "2011.10.31"]
[Round "10"]
[White "Shulman,Y"]
[Black "Molner,M"]
[Result "1-0"]
[WhiteElo "2608"]
[BlackElo "2453"]

1.d4 Nf6 2.c4 e6 3.Nc3 Bb4 4.e3 b6 5.Ne2 c5 6.a3 Ba5 7.Rb1 Na6 8.g3 Bb7 9.d5 exd5
10.Bg2 O-O 11.O-O Bxc3 12.Nxc3 d6 13.cxd5 c4 14.e4 Nc5 15.Be3 Rc8 16.Bxc5 Rxc5
17.Qd4 Nd7 18.f4 Qe7 19.Rbe1 f6 20.Bh3 Bc8 21.Be6+ Kh8 22.Qd2 Re8 23.Ne2 Nf8
24.Bxc8 Rcxc8 25.Nd4 Qc7 26.Nc6 Nd7 27.Kg2 Nc5 28.Qd4 b5 29.Re3 a6 30.e5 Nb3
31.Qa7 Qxa7 32.Nxa7 Ra8 33.Nc6 dxe5 34.fxe5 fxe5 35.d6 Nc5 36.Rxe5 Rxe5 37.Nxe5 Kg8
38.Nc6 g6 39.Re1 Kf7 40.Re5 Nd3 41.Re7+ Kf6 42.d7  1-0

[Event "US Chess League 2011 Playoff"]
[Site "ICC INT"]
[Date "2011.11.07"]
[Round "1"]
[White "Shulman,Y"]
[Black "Chirila,I"]
[Result "1-0"]
[WhiteElo "2598"]
[BlackElo "2523"]

1.d4 d5 2.c4 e6 3.Nf3 c6 4.e3 f5 5.Bd3 Nf6 6.O-O Bd6 7.b3 Qe7 8.Bb2 O-O 9.Qc1 b6
10.Ba3 Ba6 11.Bxd6 Qxd6 12.Nc3 Ne4 13.Rd1 Bb7 14.Qb2 a5 15.Rac1 Nd7 16.Na4 Qc7
17.a3 Kh8 18.Qc2 Qd8 19.Ne5 Nxe5 20.dxe5 Ra7 21.f3 Ng5 22.f4 Ne4 23.Bxe4 fxe4
24.c5 b5 25.Nc3 Qe7 26.Ne2 Bc8 27.Nd4 Bd7 28.Rf1 a4 29.b4 Raa8 30.Qe2 Rf7
31.Rf2 Raf8 32.Rcf1 Qe8 33.Qg4 Re7 34.Qh4 Kg8 35.g4 Ref7 36.Kh1 Qb8 37.Qg3 Qc8
38.Rg1 Re7 39.Qh4 Ref7 40.Rfg2 Qc7 41.Rg3 Bc8 42.Rh3 g6 43.Qg5 Rg7 44.Rh6 Bd7
45.Rg3 Qc8 46.Rg2 Qe8 47.Kg1 Qc8 48.Kf2 Rff7 49.Ke1 Kf8 50.Kd2 Ke8 51.Rg3 Qc7
52.Kc3 Rg8 53.Rg2 Rgg7 54.Rd2 Qb8 55.Ne2 Qc7 56.Kd4 Bc8 57.Ng1 Kf8 58.Nh3 Kg8
59.Qh4 Rf8 60.Ng5 Re8 61.Rg2 Ree7 62.Qf2 Bd7 63.h4 Be8 64.h5 Qd7 65.Qh4 Qc7
66.Rh2 Qd7 67.Nxh7 Rxh7 68.hxg6  1-0

[Event "US Chess League 2011 Playoff"]
[Site "ICC INT"]
[Date "2011.11.14"]
[Round "2"]
[White "Shulman,Y"]
[Black "Khachiyan,M"]
[Result "1/2-1/2"]
[WhiteElo "2598"]
[BlackElo "2474"]

1.d4 d5 2.c4 c6 3.Nf3 Nf6 4.Nc3 a6 5.e3 b5 6.b3 Bg4 7.Be2 e6 8.O-O Nbd7 9.h3 Bh5
10.Bb2 Bd6 11.Ne5 Bxe2 12.Nxe2 bxc4 13.bxc4 O-O 14.Qc2 Rc8 15.Rfc1 c5 16.Qa4 cxd4
17.exd4 Nb6 18.Qxa6 Ra8 19.Qb5 Bxe5 20.dxe5 Nxc4 21.exf6 Rb8 22.Qc5 Rxb2
23.fxg7  1/2-1/2

[Event "Northern California International"]
[Site "Fremont USA"]
[Date "2012.01.02"]
[Round "1"]
[White "Liou,Y"]
[Black "Shulman,Y"]
[Result "0-1"]
[WhiteElo "2283"]
[BlackElo "2598"]

1.e4 e6 2.d4 d5 3.Nd2 h6 4.Ngf3 Nf6 5.e5 Nfd7 6.c4 dxc4 7.Nxc4 Nb6 8.Be2 Bd7
9.O-O Bc6 10.b3 Be7 11.Bb2 Be4 12.Nfd2 Bh7 13.Na5 Qc8 14.Bf3 Nd5 15.Qe2 b6
16.Nac4 Qd7 17.g3 Nc6 18.a3 Rd8 19.Rfc1 Bg5 20.Ne3 Nde7 21.Ne4 O-O 22.Rd1 Na5
23.Qc2 Bxe3 24.fxe3 Nd5 25.Re1 f5 26.exf6 Nxf6 27.b4 Nxe4 28.Bxe4 Bxe4 29.Qxe4 Nc4
30.Qc2 b5 31.Rad1 Rf3 32.Bc1 Rdf8 33.Qe2 e5 34.dxe5 Qh3 35.Rf1 Nxe5 36.Rxf3 Nxf3+
37.Kh1 Qg4 38.Rd4 Qe6 39.Rd1 Qe4 40.Qg2 Rf7 41.g4 Qc4 42.g5 Nh4  0-1

[Event "Northern California International"]
[Site "Fremont USA"]
[Date "2012.01.03"]
[Round "2"]
[White "Shulman,Y"]
[Black "Cornejo,M"]
[Result "1-0"]
[WhiteElo "2598"]
[BlackElo "2411"]

1.d4 d5 2.c4 e6 3.Nf3 c5 4.cxd5 exd5 5.g3 Nf6 6.Bg2 Be7 7.O-O O-O 8.Nc3 Nc6
9.Bg5 cxd4 10.Nxd4 h6 11.Be3 Re8 12.Qa4 Bd7 13.Rad1 Bc5 14.Qc2 Qb6 15.Qd2 Nxd4
16.Bxd4 Bxd4 17.Qxd4 Qxb2 18.Rb1 Qa3 19.Rxb7 Bc6 20.Rb3 Qa5 21.Rfb1 Rac8
22.e3 Ne4 23.Bh3 Ng5 24.Bg4 Bd7 25.Be2 Bf5 26.Rc1 Re6 27.f3 Rec6 28.Kf2 Qc5
29.Qd2 a6 30.Rd1 d4 31.exd4 Qa5 32.h4 Rxc3 33.hxg5 Qc7 34.Rxc3 Qxc3 35.gxh6 Qxd2
36.Rxd2 a5 37.hxg7 Kxg7 38.g4 Bg6 39.Bb5 f5 40.Bd7 Rc7 41.gxf5 Rxd7 42.fxg6 Kxg6
43.Ke3 Kf5 44.d5 Ke5 45.d6  1-0

[Event "Northern California International"]
[Site "Fremont USA"]
[Date "2012.01.03"]
[Round "3"]
[White "Sevillano,E"]
[Black "Shulman,Y"]
[Result "1/2-1/2"]
[WhiteElo "2490"]
[BlackElo "2598"]

1.e4 e6 2.d4 d5 3.Nc3 Bb4 4.Ne2 dxe4 5.a3 Bxc3+ 6.Nxc3 Nc6 7.d5 exd5 8.Qxd5 Nge7
9.Qxd8+ Nxd8 10.Nxe4 Bf5 11.Bd3 Ne6 12.Bd2 O-O-O 13.O-O-O Rhe8 14.Rhe1 Bg6
15.Bb5 c6 16.Bc4 Nd5  1/2-1/2

[Event "Northern California International"]
[Site "Fremont USA"]
[Date "2012.01.04"]
[Round "4"]
[White "Shulman,Y"]
[Black "Hunt,A"]
[Result "1-0"]
[WhiteElo "2598"]
[BlackElo "2462"]

1.d4 Nf6 2.c4 g6 3.Nc3 d5 4.cxd5 Nxd5 5.e4 Nxc3 6.bxc3 Bg7 7.Nf3 c5 8.Be3 Bg4
9.Qd2 Bxf3 10.gxf3 cxd4 11.cxd4 Nc6 12.Rd1 O-O 13.f4 e6 14.Bg2 Qd7 15.O-O Rfd8
16.d5 exd5 17.Qxd5 Qg4 18.h3 Qe2 19.Qb3 Na5 20.Qb1 b6 21.e5 Rac8 22.Rxd8+ Rxd8
23.Re1 Qc4 24.Rd1 Rxd1+ 25.Qxd1 Qc7 26.Qa4 Qe7 27.Bd5 Bf8 28.Kg2 Qb4 29.Qd7 Qe7
30.Qc8 h6 31.Kg1 Kg7 32.Bd4 Kh7 33.f5 Qg5+ 34.Kf1 Bc5 35.Bxc5 Qc1+ 36.Kg2 Qg5+
37.Kf1 Qc1+ 38.Kg2 Qg5+ 39.Kf3 bxc5 40.fxg6+ Kxg6 41.Qa6+ Kf5 42.Qxa5 Qf4+
43.Kg2 Qg5+ 44.Kf1 Qc1+ 45.Qe1  1-0

[Event "Northern California International"]
[Site "Fremont USA"]
[Date "2012.01.05"]
[Round "5"]
[White "Shankland,S"]
[Black "Shulman,Y"]
[Result "1/2-1/2"]
[WhiteElo "2565"]
[BlackElo "2598"]

1.d4 d5 2.c4 e6 3.Nf3 Nf6 4.Nc3 Bb4 5.cxd5 exd5 6.Bg5 Nbd7 7.Rc1 c6 8.a3 Bd6
9.e3 O-O 10.Bd3 Re8 11.O-O Nf8 12.Qc2 Bg4 13.Nd2 Bh5 14.Bh4 Bg6  1/2-1/2

[Event "Northern California International"]
[Site "Fremont USA"]
[Date "2012.01.05"]
[Round "6"]
[White "Shulman,Y"]
[Black "Ramirez,Alej"]
[Result "1/2-1/2"]
[WhiteElo "2598"]
[BlackElo "2594"]

1.d4 d5 2.c4 c6 3.Nf3 Nf6 4.Nc3 a6 5.e3 e6 6.b3 Bb4 7.Bd2 O-O 8.Bd3 c5 9.cxd5 cxd4
10.Nxd4 exd5 11.Nce2 Bd6 12.Qc2 Nbd7 13.Nf5 Ne5 14.Nxd6 Qxd6 15.Bc3 Bd7 16.Bxe5 Qxe5
17.Qc3 Qd6 18.Qd4 Bb5 19.O-O Bxd3 20.Qxd3 Qa3 21.Rfc1 Rfc8 22.Rc2 Rxc2 23.Qxc2 a5
24.Rc1 g6 25.h3 a4 26.Nd4 Ne4 27.f3 Nf6 28.Qc3 axb3 29.axb3 Qe7 30.Qd2 h5
31.Kf2 Qe5 32.Ne2 Qf5 33.Kg1 h4 34.Nd4  1/2-1/2

[Event "Northern California International"]
[Site "Fremont USA"]
[Date "2012.01.06"]
[Round "7"]
[White "Aleskerov,F"]
[Black "Shulman,Y"]
[Result "1/2-1/2"]
[WhiteElo "2362"]
[BlackElo "2598"]

1.e4 e6 2.d4 d5 3.exd5 exd5 4.Nf3 Nf6 5.Bd3 Be7 6.O-O Bg4 7.Re1 O-O 8.Nbd2 Nbd7
9.Nf1 Re8 10.h3 Bh5 11.Ng3 Bg6 12.Ne5 Nxe5 13.dxe5 Ne4 14.Bxe4 dxe4 15.Bf4 Qxd1
16.Raxd1 e3 17.Bxe3 Bxc2 18.Rc1 Bb4 19.Rf1 Bd3 20.Rfd1 Bb5 21.Bc5 Bxc5 22.Rxc5 Bc6
23.Nf5 g6 24.Nd4 Rad8 25.Rcc1 Rxe5 26.Nxc6 Rxd1+ 27.Rxd1 bxc6 28.Rd8+ Kg7
29.Ra8 a5 30.Ra7 Re1+ 31.Kh2 Re2 32.Kg3 Rxb2 33.Rxa5 Kf6 34.Ra7 Rb6 35.Rxc7 Ra6
36.a4 Ke6 37.f4 h5 38.a5 f6 39.h4 Kd6 40.Rf7 Ke6 41.Rc7 Kd6 42.Rf7 f5 43.Rf6+ Kd5
44.Rxg6 Rxa5 45.Rf6 Ra3+  1/2-1/2

[Event "Northern California International"]
[Site "Fremont USA"]
[Date "2012.01.07"]
[Round "8"]
[White "Shulman,Y"]
[Black "Troff,Kayden W"]
[Result "1/2-1/2"]
[WhiteElo "2598"]
[BlackElo "2257"]

1.Nf3 Nf6 2.c4 g6 3.Nc3 d5 4.cxd5 Nxd5 5.Qa4+ Nc6 6.Ne5 Qd6 7.Nxc6 Qxc6 8.Qxc6+ bxc6
9.b3 Nb4 10.Kd1 e5 11.Bb2 f6 12.a3 Nd5 13.e3 Rb8 14.Bc4 Nb6 15.Kc2 Nxc4 16.bxc4 Bf5+
17.e4 Be6 18.d3 Bc5 19.Na4 Be7 20.Bc1 g5 21.Be3 Kf7 22.Rhb1 Bd6 23.Bc5 f5
24.f3 f4 25.Rb4 a5 26.Rbb1 h5 27.Ba7 Ra8 28.Bf2 Rhb8 29.Kc3 g4 30.Rg1 Bd7
31.g3 fxg3 32.Rxg3 Rh8 33.fxg4 hxg4 34.Rg2 Raf8 35.Nc5 Ke8 36.Nxd7 Kxd7 37.Bg3 Ke6
38.Kd2 Bc5 39.Kc2 Rf3 40.Rd2 Rb8 41.a4  1/2-1/2

[Event "Northern California International"]
[Site "Fremont USA"]
[Date "2012.01.08"]
[Round "9"]
[White "Shulman,Y"]
[Black "Molner,M"]
[Result "1/2-1/2"]
[WhiteElo "2598"]
[BlackElo "2449"]

1.d4 Nf6 2.c4 c5 3.d5 b5 4.cxb5 a6 5.bxa6 g6 6.Nc3 Bxa6 7.e4 Bxf1 8.Kxf1 d6
9.Nge2 Bg7 10.h3 O-O 11.Kg1 e6 12.Bg5 exd5 13.Nxd5 Nbd7 14.Nec3 Re8 15.Qc2 Qb8
16.Bxf6 Nxf6 17.Kh2 Nxd5 18.exd5 Qb4 19.Rhe1 h5 20.Kg1 h4 21.Rad1 Re5 22.a3 Qc4
23.Qd2 Rxe1+ 24.Rxe1 Bxc3 25.Qxc3 Qxc3 26.bxc3 Rxa3 27.Re8+ Kg7 28.Rd8 Kf6
29.Rxd6+ Ke5 30.Rd7 Rxc3 31.Kf1 f6 32.Ke2 g5 33.Rd8 Rc2+ 34.Ke3 Rc3+ 35.Ke2 Rc2+
36.Ke3 Rc3+  1/2-1/2

[Event "Reykjavik Open"]
[Site "Reykjavik ISL"]
[Date "2012.03.07"]
[Round "2.11"]
[White "Cherednichenko,S"]
[Black "Shulman,Y"]
[Result "1-0"]
[WhiteElo "2279"]
[BlackElo "2594"]

1.d4 Nf6 2.Nf3 d5 3.e3 Bg4 4.c4 e6 5.h3 Bh5 6.Nbd2 Nbd7 7.Qb3 Rb8 8.Ne5 Nxe5
9.dxe5 dxc4 10.Bxc4 Nd7 11.Qc3 b5 12.Bb3 c5 13.a3 Bg6 14.e4 c4 15.Bc2 Bc5
16.O-O O-O 17.Nf3 h6 18.Bf4 Qe7 19.Bg3 Rfc8 20.Bh4 Qe8 21.Qd2 Bb6 22.Kh1 c3
23.bxc3 Ba5 24.Rad1 Nb6 25.Bb1 Rxc3 26.Qe2 Rxa3 27.Nh2 Na4 28.Rd3 Nc3 29.Rxc3 Rxc3
30.f4 b4 31.f5 Bh7 32.Ng4 Bd8 33.f6 Qb5 34.Qf2 Bg6 35.Rd1 h5 36.fxg7 Qa4
37.Rxd8+ Rxd8 38.Nh6+ Kxg7 39.Qf6+ Kxh6 40.Qxd8 Rc1+ 41.Kh2 Qd1 42.Qh8+ Bh7
43.Bg5+  1-0

[Event "Reykjavik Open"]
[Site "Reykjavik ISL"]
[Date "2012.03.08"]
[Round "3.29"]
[White "Bjornsson,B"]
[Black "Shulman,Y"]
[Result "1/2-1/2"]
[WhiteElo "2183"]
[BlackElo "2594"]

1.e4 e6 2.d4 d5 3.Nd2 h6 4.Ngf3 Nf6 5.exd5 exd5 6.Bd3 c5 7.Qe2+ Be7 8.Bb5+ Bd7
9.dxc5 O-O 10.Nb3 a6 11.Bxd7 Nbxd7 12.Be3 Re8 13.O-O Nxc5 14.Rfe1 Nce4 15.h3 Bd6
16.Qd3 Rc8 17.c3 Qd7 18.Rad1 Bb8 19.Bd4 Qc7 20.Bxf6 Nxf6 21.Rxe8+ Rxe8 22.Qf5 Re2
23.Rd2 Re4 24.g3 Qd8 25.Nh2 Bf4 26.Rd4 g6 27.Rxe4 gxf5 28.Rxf4 Qe8 29.Rxf5 Qe1+
30.Kg2 Ne4 31.Ng4 Kg7 32.Nd4 Qb1 33.Rxd5 Qxb2 34.Nf5+ Kh7 35.Rd7 Ng5 36.h4 Qe2
37.Nfxh6 Qe4+ 38.Kh2 Nf3+ 39.Kh3 Ng1+ 40.Kh2 Nf3+ 41.Kh3 Ng1+ 42.Kh2  1/2-1/2

[Event "Reykjavik Open"]
[Site "Reykjavik ISL"]
[Date "2012.03.09"]
[Round "4.42"]
[White "Shulman,Y"]
[Black "Lee,Ka"]
[Result "1-0"]
[WhiteElo "2594"]
[BlackElo "2093"]

1.c4 c6 2.Nf3 Nf6 3.Nc3 d5 4.e3 e6 5.b3 Nbd7 6.Qc2 Bd6 7.Bb2 b6 8.cxd5 exd5
9.Nxd5 cxd5 10.Qc6 Qc7 11.Qxa8 O-O 12.Rc1 Bc5 13.b4 Bb7 14.Qxa7 Ra8 15.Qxa8+ Bxa8
16.Be2 Ne4 17.O-O Qd8 18.bxc5 bxc5 19.d3 Ng5 20.Nxg5 Qxg5 21.Bf3 Bb7 22.Rfd1 h5
23.h3 Ba6 24.h4 Qxh4 25.Bxd5 Qg5 26.Bc6 Nf8 27.d4 cxd4 28.Rxd4 Ne6 29.Rd6 Qa5
30.Bd5 Qb5 31.Rxa6 Qxb2 32.Rac6 Ng5 33.R6c2 Qb6 34.Rc5 h4 35.f4 Ne6 36.Bxe6 Qxe6
37.Re5 Qxa2 38.Rc7 Kh7 39.Rh5+ Kg6 40.Rxh4 Qe6 41.Rc3 Qa6 42.Rc1 f5 43.Rh3 Kf6
44.Rg3 Qd3 45.Rf1 Qd5 46.Rff3 Qd1+ 47.Kh2 g6 48.Rg5 Kf7 49.Rh3 Qe2 50.Rgg3 Kg7
51.Rh4 Qe1 52.Rgh3 Qe2 53.Rh7+ Kf6 54.Rc7 Qg4 55.Rc6+ Kg7 56.Rxg6+ Kxg6 57.Rg3 Kh5
58.Rxg4 Kxg4 59.Kg1  1-0

[Event "Reykjavik Open"]
[Site "Reykjavik ISL"]
[Date "2012.03.10"]
[Round "5.24"]
[White "Henriksson,Jo"]
[Black "Shulman,Y"]
[Result "1-0"]
[WhiteElo "2279"]
[BlackElo "2594"]

1.d4 Nf6 2.Nf3 c5 3.c4 cxd4 4.Nxd4 e5 5.Nb5 d5 6.cxd5 Bc5 7.N5c3 O-O 8.g3 Qb6
9.e3 Bg4 10.Be2 Bh3 11.g4 h5 12.g5 Nh7 13.Rg1 g6 14.Nd2 Rd8 15.Nde4 Na6 16.Bd2 Bf8
17.Na4 Qc7 18.Rc1 Qd7 19.Nac3 Nc7 20.Qb3 Nxd5 21.Bb5 Nxc3 22.Bxd7 Nxe4 23.Bxh3 Nxd2
24.Qd1 Ne4 25.Qa4 Nc5 26.Rxc5 Bxc5 27.Ke2 Bf8 28.Rd1 Nxg5 29.Bg2 Ne6 30.Rxd8 Rxd8
31.Qxa7 Bb4 32.a3 Bd6 33.Bxb7 Nc5 34.Bd5 Rd7 35.Qa8+ Kg7 36.b4 Ne6 37.Bxe6 fxe6
38.Qc6 Rd8 39.a4 Kf6 40.b5 Bb4 41.b6 Rd2+ 42.Kf1 Bd6 43.b7 Ke7 44.Qxd6+  1-0